<?xml version="1.0" encoding="UTF-8"?>
<record
    xmlns:xsi="http://www.w3.org/2001/XMLSchema-instance"
    xsi:schemaLocation="http://www.loc.gov/MARC21/slim http://www.loc.gov/standards/marcxml/schema/MARC21slim.xsd"
    xmlns="http://www.loc.gov/MARC21/slim">

  <leader>02364agaaa2200325   4500</leader>
  <controlfield tag="001">6220</controlfield>
  <controlfield tag="003">IT-RoPAU</controlfield>
  <controlfield tag="005">20220918181235.0</controlfield>
  <controlfield tag="007">d cvaizq</controlfield>
  <controlfield tag="008">50131s9999||||xx ||| |     ||   ||und||</controlfield>
  <datafield tag="040" ind1=" " ind2=" ">
    <subfield code="a">IT-RoPAU</subfield>
    <subfield code="c">IT-RoPAU</subfield>
  </datafield>
  <datafield tag="041" ind1=" " ind2=" ">
    <subfield code="a">ITALIANO</subfield>
  </datafield>
  <datafield tag="100" ind1=" " ind2=" ">
    <subfield code="a">Schlondorff Volker</subfield>
    <subfield code="g">Codice regista SPICS: 11222</subfield>
    <subfield code="9">42840</subfield>
  </datafield>
  <datafield tag="130" ind1=" " ind2=" ">
    <subfield code="a">TAMBURO DI LATTA (IL)</subfield>
    <subfield code="9">42841</subfield>
  </datafield>
  <datafield tag="240" ind1=" " ind2=" ">
    <subfield code="a">BLECHTROMMEL (DIE) / LE TAMBOUR</subfield>
    <subfield code="g">T1845</subfield>
  </datafield>
  <datafield tag="245" ind1=" " ind2=" ">
    <subfield code="a">TAMBURO DI LATTA (IL)</subfield>
    <subfield code="c">Prodotto da: Seitz Franz -- Sceneggiatura: Carriere Jean Claude Schlondorff V. Seitz Franz -- Diretto da: Schlondorff Volker</subfield>
    <subfield code="p">TAMBURO DI LATTA (IL) (Rif. Codice opera principale : 26220)</subfield>
  </datafield>
  <datafield tag="246" ind1=" " ind2=" ">
    <subfield code="a">BLECHTROMMEL (DIE) / LE TAMBOUR</subfield>
  </datafield>
  <datafield tag="250" ind1=" " ind2=" ">
    <subfield code="a">Edizione Standard</subfield>
  </datafield>
  <datafield tag="260" ind1=" " ind2=" ">
    <subfield code="a">FRANCIA (GERMANIA - FRANCI)</subfield>
    <subfield code="b">FRANZSEITZ - BIOSKOP - ARTEMIS - ARGOS / Distribuzione: RAI</subfield>
    <subfield code="g">"1979 (1&#xB0; ed.: 1985 ; Ed. Lingua Orig.: 1979)"</subfield>
  </datafield>
  <datafield tag="300" ind1=" " ind2=" ">
    <subfield code="a">VHS</subfield>
    <subfield code="b">sonoro, col.</subfield>
    <subfield code="c">135 minuti</subfield>
  </datafield>
  <datafield tag="508" ind1=" " ind2=" ">
    <subfield code="a">"Fotografia: Luther Igor; Montaggio: Baron Suzanne; Musica: Jarre Maurice; Sceneggiatura: Carriere Jean Claude Schlondorff V. Seitz Franz; Scenografia: Perakis Nicos; "</subfield>
  </datafield>
  <datafield tag="511" ind1=" " ind2=" ">
    <subfield code="a">"Bennent David; Adorf Mario; Winkler Angela; Olbrychski Daniel; Thalbach Katharina"</subfield>
  </datafield>
  <datafield tag="520" ind1=" " ind2=" ">
    <subfield code="a">OSCAR E' UN BAMBINO CHE QUANDO COMPIE IL SUO TERZO COMPLEANNO DECIDE DI ISOLARSI DAGLI ADULTI CHE LO HANNO STOMACATO E DECIDE DI RIMANERE MINUSCOLO IL FENOMENO FISICO INSPIEGABILE PER LA FAMIGLIA A PER I CLINICI VIENE UN POCO ALLA VOLTA ACCETTATO E NEL FRATTEMPO OSCAR SCOPRE DUE SINGOLARI DOTI: QUELLA DI DARE FASTIDIO E ANCHE TERRORIZZARE CON IL SUONO DEL TAMBURO DI LATTACHE PORTA PERENNEMENTE A TRACOLLA E QUELLA DI POSSEDERE UNA VOCE STRIDULA CON TONI AD ALTA FREQUENZA CAPACE DI ROMPERE VETRI E CRISTALLI QUANDO LE COSE NON VANNO A SUO GENIO L'ETERNO RAGAZZINO USA LE SUE ARMI COSI' UN GIORNORIDICOLIZZA UNA GRANDE PARATA NAZISTA CHE PRELUDE ALLO SCOPPIO DELLA II GUERRA MONDIALE SIGISMOND MARCUS UN VENDITORE DI GIOCATTOLI E' SUO GRANDE AMICO E LO VEDRA' SUICIDA DOPO L'OCCUPAZIONE TEDESCA DRAMMA SOLCIALE</subfield>
  </datafield>
  <datafield tag="538" ind1=" " ind2=" ">
    <subfield code="a">PAL, STEREO</subfield>
  </datafield>
  <datafield tag="546" ind1=" " ind2=" ">
    <subfield code="a">ITALIANO</subfield>
  </datafield>
  <datafield tag="650" ind1=" " ind2=" ">
    <subfield code="a">DRAMMA SOCIALE</subfield>
    <subfield code="e">FILMS [VHS]</subfield>
    <subfield code="x">Codice MATERIA SPICS: 9960</subfield>
    <subfield code="9">36988</subfield>
  </datafield>
  <datafield tag="700" ind1=" " ind2=" ">
    <subfield code="a">Jarre Maurice</subfield>
    <subfield code="e">(musica)</subfield>
    <subfield code="g">Codice Musica SPICS: 10958</subfield>
    <subfield code="9">42842</subfield>
  </datafield>
  <datafield tag="700" ind1=" " ind2=" ">
    <subfield code="a">Schlondorff Volker </subfield>
    <subfield code="e">(regista)</subfield>
    <subfield code="g">Codice regista SPICS: 11222</subfield>
    <subfield code="9">42843</subfield>
  </datafield>
  <datafield tag="942" ind1=" " ind2=" ">
    <subfield code="c">VH</subfield>
    <subfield code="2">ddc</subfield>
  </datafield>
  <datafield tag="999" ind1=" " ind2=" ">
    <subfield code="c">105693</subfield>
    <subfield code="d">105693</subfield>
  </datafield>
  <datafield tag="952" ind1=" " ind2=" ">
    <subfield code="0">0</subfield>
    <subfield code="1">0</subfield>
    <subfield code="4">0</subfield>
    <subfield code="6">26220_000000000000000</subfield>
    <subfield code="7">1</subfield>
    <subfield code="a">SPICS</subfield>
    <subfield code="b">SPICS</subfield>
    <subfield code="d">2015-01-31</subfield>
    <subfield code="l">0</subfield>
    <subfield code="o">26220</subfield>
    <subfield code="r">2015-01-31 00:00:00</subfield>
    <subfield code="w">2015-01-31</subfield>
    <subfield code="y">VH</subfield>
    <subfield code="z">Progr. Ins.: 1636 / N.Vol.:1 / Copie: 1 / Pag.: / Copia rara: NO / date import: 1.2.2015 / By Epidotti, Trombetti, Vaglietti</subfield>
  </datafield>
</record>
